| 000 | 00521nam a2200193Ia 4500 | ||
|---|---|---|---|
| 008 | 191130s2008##################000#0#eng## | ||
| 020 | _a9781843538608 | ||
| 040 |
_aACL _cACL |
||
| 082 | _a917.44610 HUL | ||
| 100 | _aHull, Sarah | ||
| 245 |
_aThe rough guide to Boston _cSarah Hull |
||
| 250 | _a5th ed | ||
| 260 |
_aLondon _bRough Guides _c2008 |
||
| 300 | _a319 p . ; coll ill . , col map | ||
| 650 | _aMassachusetts--Boston | ||
| 990 | _af50ab2f3ac10000c774f2b81196aaf1d | ||
| 991 | _a128995 | ||
| 999 |
_c68143 _d68143 |
||